Interpretace elektroforézy plazmatických bílkovin v agarózovém gelu

Bibliographic Details
Main Author: Engliš, Miroslav, 1932-2014 (Author)
Format: Book
Language:Czech
PhysicalDescription:48 s. sch. 21 cm
Published: Praha Avicenum 1992
ISBN:8020101705
Edition:1. vyd.
Series:Novinky v medicíně
Subjects:

MARC

LEADER 00000cam a2200000 a 4500
001 vtls001133607
003 SK-MaSNL
005 20260429092836.0
008 250414s1992 xr l grf 000 0 cze
020 |a 8020101705  |q (brož.) 
035 |a SNK000076459 
040 |a SNK  |b slo  |c SNK  |e AACR2 
041 0 |a cze 
044 |a xr  |c CZ 
072 7 |a 611  |x Anatómia človeka a porovnávacia anatómia  |2 konspekt 
080 |a 543.54:577.112:616-07  |2 1981 
080 |a 577.112  |2 1981 
080 |a 616-07  |2 1981 
080 |a 611.018.54:577.112  |2 2011 
080 |a 543.545.2-026.746  |2 2011 
080 |a (035)  |2 2011 
100 1 |a Engliš, Miroslav,  |d 1932-2014  |4 aut  |9 291658 
245 1 0 |a Interpretace elektroforézy plazmatických bílkovin v agarózovém gelu  |c Miroslav Engliš 
250 |a 1. vyd. 
260 |a Praha  |b Avicenum  |c 1992 
300 |a 48 s.  |b sch.  |c 21 cm 
490 1 |a Novinky v medicíně  |v zv. 55 
650 0 7 |a plazmatické bielkoviny  |2 SNKPH  |9 210446 
650 0 7 |a gélová elektroforéza  |2 SNKPH  |9 261590 
655 7 |a príručky  |2 SNKPH  |9 74364 
830 0 |a Novinky v medicíně  |9 285734 
850 |a Slovenská národná knižnica 
852 |a Slovenská národná knižnica 
919 |a 80-201-0170-5 
954 |a obrazové publikácie zamerané na výtvarné umenie a fotografiu cudzojazyčné (sveto  |2 lita 
958 |a OND 
958 |a TL 
958 |a MI 
958 |a CZ 
999 |c 966310  |d 968240 
952 |t P60, <04>, [BOOK], {604}  |a SNK  |b SNK  |y NEVYP  |7 0  |p 17A0018400  |o snkIC 120121 D1  |0 0  |1 1  |4 0  |d 1996-11-07  |l 0  |r 2005-01-01 00:00:00  |w 2026-02-24